Logo BPK

Biblioteka

Politechniki Koszalińskiej

Medytacje o życiu godziwym / (Rekord nr 23112)

Szczegóły MARC
000 -ETYKIETA REKORDU
podpole kontrolne o stałej długości 00354nam a2200145 i 4500
001 - NUMER KONTROLNY REKORDU
pole kontrolne bg
040 ## - ŹRÓDŁO KATALOGOWANIA
Instytucja, która utworzyła rekord BPK
041 ## - KOD JĘZYKA
Kod języka tekstu pol
008 - POLE O STAŁEJ DŁUGOŚCI - DANE KONTROLNE
podpole kontrolne o stałej długości s pl f |000 0 pol
100 1# - NAZWA OSOBOWA
Nazwa osobowa Kotarbiński, Tadeusz
Daty związane z nazwą (1886-1981).
245 #0 - TYTUŁ/ODPOWIEDZIALNOŚĆ
Tytuł Medytacje o życiu godziwym /
Pozostałe elementy strefy tytułu i oznaczenia odpowiedzialności T. Kotarbiński.
250 ## - STREFA WYDANIA
Oznaczenie wydania Wyd.5.
260 ## - STREFA ADRESU WYDAWNICZEGO
Miejsce wydania Warszawa,
Data publikacji, dystrybucji/powstania dokumentu 1986.
856 ## - LOKALIZACJA I DOSTĘP DO ELEKTRONICZNYCH DOKUMENTÓW ZDALNYCH
Link (URL) http://koha.tu.koszalin.pl/cgi-bin/koha/opac-detail.pl?biblionumber=23112
Tekst linku Katalog online BPK
942 ## - DODATKOWE ELEMENTY (KOHA)
Typ dokumentu Książka
Egzemplarze
Wycofany Status egzemplarza Uszkodzony Dostępność Lokalizacja stała Lokalizacja bieżąca Miejsce przechowywania Sygnatura Kod kreskowy Typ dokumentu Dział
      Dostępny Biblioteka Politechniki Koszalińskiej Biblioteka Politechniki Koszalińskiej Wypożyczalnia BG 33122 02069401 Książka  
      Tylko na miejscu Biblioteka Politechniki Koszalińskiej Biblioteka Politechniki Koszalińskiej Czytelnia Wydziałowa ul. Kwiatkowskiego 6e 33123 01180565 Książka 1 Filozofia. Metafizyka
© 2023 Biblioteka Politechniki Koszalińskiej :: KOHA